Mammoth WVH-All Songs - Statistics

General Stats
  • This quiz has been taken 3 times
    2 since last reset
  • The average score is 21 of 37
Answer Stats
Album/Year Song % Correct
Mammoth WVH (Deluxe Edition) (2022) As Long As You're Not You
100%
Mammoth WVH (2021) Distance
100%
Mammoth II (2023) Erase Me
100%
Mammoth WVH (Deluxe Edition) (2022) Goodbye
100%
Mammoth WVH (2021) Horribly Right
100%
Mammoth WVH (2021) Mammoth
100%
Mammoth WVH (2021) Mr. Ed
100%
Mammoth II (2023) Right?
100%
Mammoth II (2023) Take A Bow
100%
The End (2025) The End
100%
Mammoth WVH (2021) You're To Blame
100%
Mammoth II (2023) Another Celebration at the End of the World
50%
Mammoth II (2023) Better Than You
50%
Mammoth WVH (2021) Circles
50%
Mammoth WVH (2021) Don't Back Down
50%
Mammoth WVH (2021) Epiphany
50%
Mammoth WVH (2021) Feel
50%
Mammoth II (2023) I'm Alright
50%
The End (2025) I Really Wanna
50%
Mammoth II (2023) Like a Pastime
50%
Mammoth II (2023) Miles Above Me
50%
The End (2025) One of a Kind
50%
Mammoth II (2023) Optimist
50%
Mammoth WVH (2021) Resolve
50%
The End (2025) Selfish
50%
The End (2025) Something New
50%
Mammoth WVH (2021) Stone
50%
Mammoth WVH (Deluxe Edition) (2022) Talk & Walk
50%
Mammoth WVH (2021) The Big Picture
50%
Mammoth WVH (2021) Think It Over
50%
The End (2025) All In Good Time
0%
The End (2025) Better Off
0%
The End (2025) Happy
0%
The End (2025) Same Old Song
0%
The End (2025) The Spell
0%
Mammoth II (2023) Waiting
0%
Mammoth WVH (2021) You'll Be The One
0%
No matching quizzes found
Score Distribution
Percent of People with Each Score
Percentile by Number Answered
Your Score History
You have not taken this quiz since the last reset